Regulácia cien v podmienkach transformácie slovenskej ekonomiky habilitačná práca

Saved in:
Bibliographic Details
Main Author: Holková, Vieroslava
Corporate Author: Národohospodárska fakulta EU. Katedra hospodárskej politiky
Format: Book
Language:Slovak
Published: Bratislava Ekonomická univerzita FNH 1996
Subjects:
Tags: Add Tag
No Tags, Be the first to tag this record!

MARC

LEADER 00000nam a2200000 4500
001 c117421
005 20221123122521.1
041 0 |a slo 
044 |a SK 
245 1 0 |a Regulácia cien v podmienkach transformácie slovenskej ekonomiky  |b habilitačná práca  |c Vieroslava Holková 
264 1 |a Bratislava  |b Ekonomická univerzita FNH  |c 1996 
300 |a 118 s. 
610 2 0 |a regulácia cenová 
610 2 0 |a mechanizmus trhový 
610 2 0 |a transformácia 
610 2 0 |a Slovensko 
100 1 |a Holková, Vieroslava 
710 2 |a Národohospodárska fakulta EU. Katedra hospodárskej politiky